Pharmaceutical Organic Chemistry -1 (Record no. 11068)
[ view plain ]
| 000 -LEADER | |
|---|---|
| fixed length control field | 00470nam a22001817a 4500 |
| 003 - CONTROL NUMBER IDENTIFIER | |
| control field | OSt |
| 008 - FIXED-LENGTH DATA ELEMENTS--GENERAL INFORMATION | |
| fixed length control field | 220115b ||||| |||| 00| 0 eng d |
| 020 ## - INTERNATIONAL STANDARD BOOK NUMBER | |
| International Standard Book Number | 9789386943569 |
| 082 ## - DEWEY DECIMAL CLASSIFICATION NUMBER | |
| Classification number | 615.1 TIP |
| 100 ## - MAIN ENTRY--PERSONAL NAME | |
| Personal name | Tiwari, Abhishek |
| 245 ## - TITLE STATEMENT | |
| Title | Pharmaceutical Organic Chemistry -1 |
| 250 ## - EDITION STATEMENT | |
| Edition statement | 5th Edition |
| 260 ## - PUBLICATION, DISTRIBUTION, ETC. (IMPRINT) | |
| Place of publication, distribution, etc | Pune |
| Name of publisher, distributor, etc | Nirali Prakashan |
| Date of publication, distribution, etc | 2021 |
| 300 ## - PHYSICAL DESCRIPTION | |
| Extent | 7.12 |
| 650 ## - SUBJECT ADDED ENTRY--TOPICAL TERM | |
| Topical term or geographic name as entry element | Pharmaceutical Organic Chemistry |
| 700 ## - ADDED ENTRY--PERSONAL NAME | |
| Personal name | Upmanyu & Chakraborty |
| 942 ## - ADDED ENTRY ELEMENTS (KOHA) | |
| Source of classification or shelving scheme | Dewey Decimal Classification |
| Koha item type | Text Books |
| Withdrawn status | Lost status | Source of classification or shelving scheme | Damaged status | Not for loan | Collection code | Home library | Current library | Date acquired | Source of acquisition | Currency | Cost, normal purchase price | Bill Number | Total Checkouts | Full call number | Acc. no. / Barcode | Date last seen | Date last borrowed | Actual Cost, discounted price | Bill Date | Koha item type |
|---|---|---|---|---|---|---|---|---|---|---|---|---|---|---|---|---|---|---|---|---|
| Dewey Decimal Classification | B.Pharma | PIET C-LIBRARY | PIET C-LIBRARY | 01/11/2022 | Kirti Prakashan | Indian Rup | 210.00 | IN3266 | 7 | 615.1 TIP | BP1707 | 17/01/2025 | 30/12/2024 | 157.50 | 11/01/2022 | Text Books | ||||
| Dewey Decimal Classification | B.Pharma | PIET C-LIBRARY | PIET C-LIBRARY | 01/11/2022 | Kirti Prakashan | Indian Rup | 210.00 | IN3266 | 1 | 615.1 TIP | BP1708 | 23/02/2022 | 08/02/2022 | 157.50 | 11/01/2022 | Reference Books | ||||
| Dewey Decimal Classification | B.Pharma | PIET C-LIBRARY | PIET C-LIBRARY | 01/11/2022 | Kirti Prakashan | Indian Rup | 210.00 | IN3266 | 9 | 615.1 TIP | BP1709 | 11/09/2025 | 29/08/2025 | 157.50 | 11/01/2022 | Text Books | ||||
| Dewey Decimal Classification | B.Pharma | PIET C-LIBRARY | PIET C-LIBRARY | 01/11/2022 | Kirti Prakashan | Indian Rup | 210.00 | IN3266 | 4 | 615.1 TIP | BP1710 | 25/10/2024 | 11/10/2024 | 157.50 | 11/01/2022 | Text Books | ||||
| Dewey Decimal Classification | B.Pharma | PIET C-LIBRARY | PIET C-LIBRARY | 01/11/2022 | Kirti Prakashan | Indian Rup | 210.00 | IN3266 | 3 | 615.1 TIP | BP1711 | 04/01/2023 | 14/12/2022 | 157.50 | 11/01/2022 | Text Books |